000
00373nam a2200133Ia 4500
001
14575
003
GE_BSU
008
181216s||||||||xx |||||||||||||| ||und||
040
_c
GE_BSU
245
_a
Психология обучения. №11. 2014. Ноябрь
245
_c
Гл.ред.Бархаев Б.П.
653
_a
Психология обучения.
942
_c
CR
999
_c
47704
_d
47704